Detalles MARC
| 000 -CABECERA |
| campo de control de longitud fija |
01054nam a2200301 a 4500 |
| 001 - NÚMERO DE CONTROL |
| campo de control |
000010954 |
| 005 - FECHA Y HORA DE LA ÚLTIMA TRANSACCIÓN |
| campo de control |
20200929162325.0 |
| 008 - DATOS DE LONGITUD FIJA--INFORMACIÓN GENERAL |
| campo de control de longitud fija |
091013s2006 dr 001 0 spa d |
| 020 ## - NÚMERO INTERNACIONAL ESTÁNDAR DEL LIBRO |
| Número Internacional Estándar del Libro |
1881715566 |
| 040 ## - FUENTE DE LA CATALOGACIÓN |
| Centro catalogador/agencia de origen |
DO-SdBNP |
| Lengua de catalogación |
spa |
| Centro/agencia transcriptor |
BNPHU |
| 041 17 - CÓDIGO DE LENGUA |
| Código de lengua del texto/banda sonora o título independiente |
spa |
| Fuente del código |
eng |
| 082 ## - NÚMERO DE LA CLASIFICACIÓN DECIMAL DEWEY |
| Número de clasificación |
PR861.44 |
| Número de documento/Ítem |
P625p, 2006 |
| 049 ## - FONDOS LOCALES (OCLC) |
| Fondos de biblioteca |
BNPD |
| 100 1# - ENTRADA PRINCIPAL--NOMBRE DE PERSONA |
| Nombre de persona |
Pietri, Pedro, |
| Fechas asociadas al nombre |
1944- |
| 9 (RLIN) |
25218 |
| 245 10 - MENCIÓN DE TÍTULO |
| Título |
Puerto Rican obituary = Obituario Puertorriqueña / |
| Mención de responsabilidad, etc. |
Pedro Pietri ; traducción Alfredo Matilla Rivas. |
| 246 31 - FORMA VARIANTE DE TÍTULO |
| Título propio/Titulo breve |
Obituario Puertorriqueña |
| 250 ## - MENCIÓN DE EDICIÓN |
| Mención de edición |
2a ed. |
| 260 ## - PUBLICACIÓN, DISTRIBUCIÓN, ETC. |
| Lugar de publicación, distribución, etc. |
Santo Domingo |
| -- |
San Juan, Puerto Rico : |
| Nombre del editor, distribuidor, etc. |
Isla Negra, |
| Fecha de publicación, distribución, etc. |
2006. |
| 300 ## - DESCRIPCIÓN FÍSICA |
| Extensión |
143 p. ; |
| Dimensiones |
22 cm. |
| 490 1# - MENCIÓN DE SERIE |
| Mención de serie |
El canon secuestrado |
| 500 ## - NOTA GENERAL |
| Nota general |
Incluye datos biográficos del autor en la solapa de la cubierta. |
| 546 ## - NOTA DE LENGUA/LENGUAJE |
| Nota de lengua/lenguaje |
Texto en inglés y español |
| 650 #4 - PUNTO DE ACCESO ADICIONAL DE MATERIA--TÉRMINO DE MATERIA |
| Término de materia o nombre geográfico como elemento de entrada |
Poesía puertorriqueña |
| 9 (RLIN) |
1015 |
| 650 #4 - PUNTO DE ACCESO ADICIONAL DE MATERIA--TÉRMINO DE MATERIA |
| Término de materia o nombre geográfico como elemento de entrada |
Literatura puertorriqueña |
| 9 (RLIN) |
250 |
| 700 12 - PUNTO DE ACCESO ADICIONAL--NOMBRE DE PERSONA |
| Nombre de persona |
Matilla Rivas, Alfredo, |
| Fechas asociadas al nombre |
1937- |
| Término indicativo de función/relación |
trad. |
| 9 (RLIN) |
26363 |
| 830 #0 - PUNTO DE ACCESO ADICIONAL DE SERIE-TÍTULO UNIFORME |
| Título uniforme |
El canon secuestrado |
| 9 (RLIN) |
6917 |
| 910 ## - DATOS DE OPCIÓN DEL USUARIO (OCLC) |
| Datos de opción del usuario |
Validado. Control de calidad MFF |